[Event "AUTO-BEG-529"]
[Site "http://www.queenalice.com/game.php?id=1044852"]
[Date "2012.4.1"]
[Round "1"]
[White "Fuz_Berg"]
[Black "flmendel"]
[Result "0-1"]
[WhiteElo "1340"]
[BlackElo "1487"]

1. d4 d5 2. Nc3 Nf6 3. f3 Nc6 4. e3 e6 5. g4 Qd6 6. Bb5 Bd7 7. e4 a6 8. Bxc6
Bxc6 9. Bg5 Be7 10. e5 Qb4 11. exf6 gxf6 12. Bf4 Qxb2 13. Bd2 Bb4 14. Rb1 Qa3
15. Rb3 Qxb3 16. cxb3 Bb5 17. Nxb5 Bxd2+ 18. Qxd2 axb5 19. Qh6 Ke7 20. Qg7 Rhf8
21. Qxh7 Rxa2 22. Qb1 Ra3 23. Qc2 Ra1+ 24. Kf2 Rfa8 25. Qxc7+ Kf8 26. Qxb7 R8a5
27. Qb8+ Kg7 28. f4 R1a3 29. g5 Rxb3 30. Nf3 Ra2+ 31. Kg3 Raa3 32. Rf1 b4 33. h4
e5 34. gxf6+ Kxf6 35. fxe5+ Kf5 36. Qc8+ Ke4 37. Re1+ Re3 38. Qg4+ Kd3 39. Rxe3+
Kxe3 40. Qf4+ Kd3 41. Qd2+ Kc4 42. Qc1+ Kb5 43. Qc5+ Ka4 44. Qxd5 b3 45. Nd2 b2+
46. Kf4 Rd3 47. Nb1 Kb4 48. Qb7+ Kc4 49. d5 Rb3 50. d6 Rxb7 51. Kf5 Kd3 52. Kf6
Kc2 53. Na3+ Kc1 54. e6 fxe6 55. Kxe6 Kd2 56. d7 Rb6+ 57. Ke7 Rb7 58. Ke8 Rb8+
59. d8=Q+ Rxd8+ 60. Kxd8 Kc3 61. h5 Kb3 62. Nb1 Ka2 63. Nc3+ Kb3 64. Nb1 Ka2 0-1

[Event "AUTO-BEG-529"]
[Site "http://www.queenalice.com/game.php?id=1044853"]
[Date "2012.4.1"]
[Round "1"]
[White "flmendel"]
[Black "Fuz_Berg"]
[Result "1-0"]
[WhiteElo "1449"]
[BlackElo "1362"]

1. d4 d5 2. Nc3 Nf6 3. e4 c6 4. e5 Ne4 5. Nxe4 dxe4 6. Bc4 f5 7. exf6 exf6 8. d5
b5 9. Bb3 g5 10. Be3 a5 11. dxc6 Nxc6 12. Bd5 Bb7 13. Bxe4 h6 14. Bg6+ Ke7 15.
Bc5+ Ke6 16. Qe2+ Kd5 17. Bxf8 Rxf8 18. O-O-O+ Kc5 19. Rxd8 Raxd8 20. Bd3 Nd4
21. Qe7+ Kb6 22. Ne2 Nxe2+ 23. Bxe2 Bxg2 24. Rd1 Rxd1+ 25. Kxd1 Rc8 26. Qxf6+
Kb7 27. Bxb5 Be4 28. Qe7+ Rc7 29. Qxe4+ Kb6 30. Qe5 Rc5 31. Qe6+ Kxb5 32. Qxh6
a4 33. f4 gxf4 34. Qxf4 Rd5+ 35. Kc1 Rh5 36. c4+ Kb4 37. h4 Rh7 38. Kc2 Re7 39.
Qg5 Re2+ 40. Kc1 Re1+ 41. Kd2 Rb1 42. Qb5# 1-0

[Event "Challenge"]
[Site "http://www.queenalice.com/game.php?id=1045308"]
[Date "2012.4.3"]
[Round "-"]
[White "flmendel"]
[Black "carloscolangelo"]
[Result "1-0"]
[WhiteElo "1342"]
[BlackElo "1557"]

1. d4 e6 2. d5 Qf6 3. Nf3 c6 4. c4 Bb4+ 5. Bd2 Bxd2+ 6. Qxd2 Nh6 7. Nc3 a6 8.
Ne4 Qg6 9. Nd6+ Ke7 10. c5 Nf5 11. Ne5 Qf6 12. Nexf7 Rf8 13. Ng5 Kd8 14. Nxh7
Qd4 15. Nxf8 Nxd6 16. cxd6 Qxd5 17. Qf4 e5 18. Qb4 c5 19. Qb6+ Ke8 20. Ne6 Qxe6
21. Qc7 Nc6 22. O-O-O Qxa2 23. e4 Qa1+ 24. Kd2 Qxb2+ 25. Ke1 Qb4+ 26. Rd2 Qxe4+
27. Be2 Qxg2 28. Rf1 Qxh2 29. Qb6 Qh4 30. Qxc5 Qb4 31. Qd5 Qb1+ 32. Bd1 Qa1 33.
Qg2 e4 34. Qxe4+ Kd8 35. Rg1 b5 36. Qg4 b4 37. Qxg7 Qe5+ 38. Be2 Qe8 39. Qf6+
Ne7 40. dxe7+ Qxe7 41. Rg8+ Kc7 42. Qxe7 b3 43. Rb2 Rb8 44. Rd8 a5 45. Qe8 a4
46. Ba6 a3 47. Rxc8+ Rxc8 48. Qxc8+ Kd6 49. Rxb3 a2 50. Ra3 Kd5 51. Rxa2 Kd4 52.
Rc2 Ke4 53. Qxd7 Kf3 54. Qd3+ Kg2 55. Qf1+ Kf3 56. Bb7+ Kf4 57. Qc4+ Kf5 58.
Qe4+ Kg5 59. Rc5+ Kf6 60. Qc6+ Ke7 61. Rd5 Kf7 62. Rd7+ Ke8 63. Qc8# 1-0

[Event "Challenge"]
[Site "http://www.queenalice.com/game.php?id=1047905"]
[Date "2012.4.11"]
[Round "-"]
[White "flmendel"]
[Black "carloscolangelo"]
[Result "0-1"]
[WhiteElo "1359"]
[BlackElo "1581"]

1. d4 d5 2. Nc3 Nf6 3. f3 Bf5 4. e4 e6 5. exf5 exf5 6. Bg5 h6 7. Bf4 c5 8. dxc5
Bxc5 9. Bb5+ Nbd7 10. Nxd5 Nxd5 11. Qxd5 Qe7+ 12. Ne2 O-O 13. Bxd7 Rad8 14. Bd6
Bxd6 15. Bxf5 Bb4+ 16. c3 Rxd5 17. cxb4 Rxf5 18. O-O Qxe2 19. Rfe1 Qxb2 20. Re4
Qxa1+ 0-1

[Event "Challenge"]
[Site "http://www.queenalice.com/game.php?id=1047906"]
[Date "2012.4.11"]
[Round "-"]
[White "carloscolangelo"]
[Black "flmendel"]
[Result "1-0"]
[WhiteElo "1556"]
[BlackElo "1367"]

1. e4 d5 2. exd5 Qxd5 3. Nc3 Qd4 4. Nf3 Qg4 5. h3 Qd7 6. Bb5 c6 7. Ne5 Qe6 8.
Bxc6+ bxc6 9. d4 Bb7 10. O-O Nh6 11. a3 g6 12. b4 Qb3 13. cxb3 Bg7 14. Bxh6 Bxh6
15. Qf3 O-O 16. b5 1-0

[Event "Challenge"]
[Site "http://www.queenalice.com/game.php?id=1049726"]
[Date "2012.4.17"]
[Round "-"]
[White "flmendel"]
[Black "carloscolangelo"]
[Result "1-0"]
[WhiteElo "1384"]
[BlackElo "1602"]

1. d4 d5 2. Nc3 Nf6 3. f3 Nc6 4. e4 e6 5. Bg5 h6 6. Be3 Bb4 7. g4 Bxc3+ 8. bxc3
e5 9. Qd3 a6 10. Bh3 b5 11. Rb1 O-O 12. g5 dxe4 13. fxe4 Nh5 14. Bf2 Qxg5 15.
Bxc8 Raxc8 16. Nf3 Qg2 17. Rg1 Qh3 18. Rd1 exd4 19. cxd4 Nb4 20. Qb3 a5 21. d5
Rce8 22. Nd2 Qxh2 23. Rg4 c6 24. Rh4 Qe5 25. Nf3 Qe7 26. dxc6 Nxc6 27. Qxb5 Rc8
28. Bc5 Qe5 29. Nxe5 Nxe5 30. Bxf8 Rxf8 31. Qxe5 Nf6 32. Qxa5 Kh7 33. Rd8 Ne8
34. Qc5 Rg8 35. Qe7 1-0

[Event "Challenge"]
[Site "http://www.queenalice.com/game.php?id=1050881"]
[Date "2012.4.20"]
[Round "-"]
[White "carloscolangelo"]
[Black "flmendel"]
[Result "0-1"]
[WhiteElo "1559"]
[BlackElo "1428"]

1. e4 d5 2. exd5 Qxd5 3. Nc3 Qd4 4. Nf3 Qf6 5. Ne4 Qf4 6. d3 Qf5 7. Nd4 Qd5 8.
Be3 Nf6 9. c4 Qa5+ 10. Bd2 Qb6 11. c5 Qxb2 12. Bc3 Qa3 13. Nc2 Qa6 14. d4 Qe6
15. Bd3 Nxe4 16. Bxe4 Qxe4+ 17. Ne3 Bh3 18. O-O Be6 19. Re1 Bd5 20. f3 Qe6 21.
Ng4 Qa6 22. Qc1 Bxa2 23. Qe3 Qc4 24. d5 Qxd5 25. Bxg7 Rg8 26. Nf6+ Kd8 27. Nxd5
Bxd5 28. Bxf8 Nc6 29. Bxe7+ Kd7 30. Rad1 Nxe7 31. Qxe7+ Kc6 32. Qd6+ cxd6 33.
cxd6 Kxd6 34. Rd4 Kc5 35. Red1 Rad8 36. g4 Rge8 37. Kf1 Re3 38. f4 Rf3+ 39. Ke2
b5 40. R4d2 Re8# 0-1

[Event "Challenge"]
[Site "http://www.queenalice.com/game.php?id=1052763"]
[Date "2012.4.26"]
[Round "-"]
[White "marcelohr"]
[Black "flmendel"]
[Result "1-0"]
[WhiteElo "1547"]
[BlackElo "1462"]

1. d4 c6 2. e4 Nf6 3. e5 Ne4 4. Qf3 Ng5 5. Bxg5 f6 6. Be3 d5 7. exf6 exf6 8. c4
Na6 9. cxd5 cxd5 10. Bxa6 bxa6 11. Nc3 Bb4 12. Ne2 O-O 13. O-O Bb7 14. Nf4 Bxc3
15. bxc3 Qd6 16. c4 Rad8 17. Rab1 Qc7 18. Ne6 Qxc4 19. Rxb7 Qxa2 20. Qh5 g6 21.
Qxh7# 1-0

[Event "Challenge"]
[Site "http://www.queenalice.com/game.php?id=1052764"]
[Date "2012.4.26"]
[Round "-"]
[White "flmendel"]
[Black "marcelohr"]
[Result "1-0"]
[WhiteElo "1497"]
[BlackElo "1550"]

1. d4 c6 2. e4 d5 3. Nc3 Nd7 4. Nf3 dxe4 5. Nxe4 Ngf6 6. Nfg5 Nxe4 7. Nxe4 c5 8.
Bg5 h6 9. Nd6+ exd6 10. Bxd8 Kxd8 11. dxc5 Nxc5 12. Qd4 b6 13. O-O-O h5 14. Bc4
f6 15. Bf7 Rh6 16. Qe3 Bd7 17. Rhe1 Kc7 18. b4 f5 19. bxc5 f4 20. cxd6+ Bxd6 21.
Qd3 Rf8 22. Bd5 f3 23. Bxf3 Rff6 24. Qe4 Ba3+ 25. Kb1 Rc6 26. Qf4+ Rcd6 27. Re3
Rf6 28. Qe4 1-0

[Event "Challenge"]
[Site "http://www.queenalice.com/game.php?id=1053751"]
[Date "2012.4.28"]
[Round "-"]
[White "flmendel"]
[Black "carloscolangelo"]
[Result "0-1"]
[WhiteElo "1462"]
[BlackElo "1491"]

1. e4 e5 2. d4 d6 3. d5 Nf6 4. f3 c6 5. dxc6 bxc6 6. Qd3 Ba6 7. c4 d5 8. exd5
cxd5 9. Qf5 Bd6 10. Nd2 Bc8 11. Qg5 O-O 12. cxd5 h6 13. Qh4 Bb7 14. Ne4 Qa5+ 15.
Bd2 Qxd5 16. Nxf6+ gxf6 17. Qxh6 Nd7 18. Be2 Rac8 19. Nh3 Rc2 20. Ng5 Qxd2+ 21.
Kf2 Qxe2+ 22. Kg3 Qxg2+ 23. Kh4 Qxg5+ 24. Qxg5+ fxg5+ 25. Kxg5 Rg2+ 26. Kf5 Bxf3
27. h4 Bg4+ 28. Ke4 f5+ 29. Kd5 Rd2+ 30. Kc6 Nc5 31. Rad1 Bxd1 32. h5 Rc8+ 33.
Kb5 Rxb2+ 34. Ka5 Bc7# 0-1